000 00271nam a22001217a 4500
008 170612b xxu||||| |||| 00| 0 eng d
041 _aeng
080 _a94(100)
100 _a17
101 _aSHH
245 _aTHE ORIGINS OF THE WORLD WAR I
_cFAY,S.B
942 _2udc
_cBK
999 _c16870
_d16870